Xicoténcatl /

As Spain's New World colonies fought for their independence in the early nineteenth century, an anonymous author looked back on the earlier struggle of native Americans against the Spanish conquistadores and penned this novel, Xicoténcatl. Writing from a decidedly anti-Spanish perspective, the auth...

Full description

Bibliographic Details
Main Author: Varela, Félix, 1788-1853
Other Authors: Forero Quintero, Gustavo
Format: Electronic eBook
Language:Spanish
Published: Madrid : Frankfurt am Main : Mexico D.F.: Iberoamericana ; Vervuert ; Bonilla Artigas editores, 2012.
Series:Colección El Fuego nuevo. Textos recobrados ; no. 9.
Subjects:
Online Access:Digitalia Hispánica

MARC

LEADER 00000nam a2200000Ii 4500
001 DIGIBE1209
003 NyNyDIG
006 m o d
007 cr |||||||||||
008 130201s2012 sp a ob 000 0 spa d
020 |a 9783954870059  |q (eBook) 
020 |z 8484896005  |q (Iberoamericana)  
020 |z 9788484896005  |q (Iberoamericana)  
020 |z 9783865276568  |q (Vervuert)  
020 |z 3865276563  |q (Vervuert) 
020 |z 9786077588580 (Bonilla Artigas)  
020 |z 607758858X (Bonilla Artigas)  
035 |a (OCoLC)843455162 
040 |a DGITA  |b eng  |e pn  |c DGITA 
043 |a n-mx--- 
050 1 4 |a PQ7389.V38 eBook 
100 1 |a Varela, Félix,  |d 1788-1853. 
240 1 0 |a Jicoténcal 
245 1 0 |a Xicoténcatl /  |c Anónimo ; edición, estudio preliminar y notas de Gustavo Forero Quintero. 
264 1 |a Madrid :  |b Iberoamericana ;  |a Frankfurt am Main :  |b Vervuert ;  |a Mexico D.F.:  |b Bonilla Artigas editores,  |c 2012. 
300 |a 1 online resource (259 pages) 
336 |a text  |b txt  |2 rdacontent 
337 |a computer  |b c  |2 rdamedia 
338 |a online resource  |b cr  |2 rdacarrier 
490 1 |a Colección el fuego nuevo, textos recobrados ;  |v no. 9. 
504 |a Includes bibliographical references and indexes. 
500 |a Basado en un facsímil de la primera edición publicada por Guillermo Stavelly en Fildadelfia en el año de 1826 cotejado con la versión de Antonio Castro Leal (1964) y con la de Luis Leal y Rodolfo J. Cortina (1995). 
520 |a As Spain's New World colonies fought for their independence in the early nineteenth century, an anonymous author looked back on the earlier struggle of native Americans against the Spanish conquistadores and penned this novel, Xicoténcatl. Writing from a decidedly anti-Spanish perspective, the author describes the historical events that led to the march on Tenochtitlán and eventual conquest of the Aztec empire in 1519 by Hernán Cortés and his Indian allies, the Tlaxcalans. Xicoténcatl stands out as a beautiful exposition of an idealized New World about to undergo the tremendous changes wrought by the Spanish Conquest. 
600 1 0 |a Cortés, Hernán,  |d 1485-1547  |v Fiction. 
655 0 |a Electronic books. 
700 1 |a Forero Quintero, Gustavo. 
791 2 |a Digitalia (Firm),  |e distributor. 
830 0 |a Colección El Fuego nuevo.  |p Textos recobrados ;  |v no. 9. 
793 0 |g Digitalia eBook Collection:  |a Iberoamericana/Vervuert. 
856 4 0 |3 Digitalia Hispánica  |u https://www.digitaliapublishing.com/a/18439/ 
910 |a Premium Collection: 2007-2012